| 000 | 02388nam a2200397 a 4500 | ||
|---|---|---|---|
| 001 | ebr10531622 | ||
| 003 | CaPaEBR | ||
| 006 | m u | ||
| 007 | cr cn||||||||| | ||
| 008 | 050620s2006 nyua sb 001 0beng d | ||
| 010 | _z 2005017871 | ||
| 020 | _z0820481106 (hardcover alk. paper) | ||
| 020 | _z9780820481104 | ||
| 020 | _z9781453906439 (e-book) | ||
| 040 |
_aCaPaEBR _cCaPaEBR |
||
| 035 | _a(OCoLC)785780069 | ||
| 043 | _an-us--- | ||
| 050 | 1 | 4 |
_aBL2747.6.H38 _bP43 2006eb |
| 082 | 0 | 4 |
_a211/.6/092 _aB _222 |
| 100 | 1 |
_aPeden, Creighton, _d1935- |
|
| 245 | 1 | 2 |
_aA good life in a world made good _h[electronic resource] : _bAlbert Eustace Haydon, 1880-1975 / _cW. Creighton Peden. |
| 260 |
_aNew York : _bP. Lang, _cc2006. |
||
| 300 |
_axvi, 312 p. : _bill. |
||
| 490 | 1 |
_aAmerican liberal religious thought, _x1080-5389 ; _vv. 9 |
|
| 504 | _aIncludes bibliographical references (p. [293]-295) and index. | ||
| 505 | 0 | _aFamily background -- McMaster University -- Examination & ordination -- Early ministry -- Fort William to Chicago -- Saskatoon, heresy & Y.M.C.A -- Overseas to Chicago -- Doctoral dissertation -- Early years of teaching -- The rise of religious humanism -- Professional pressures -- Book reviews : 1920s -- Early articles -- Hebrew Union College lectures -- Later articles -- Unity articles -- Haydon's The quest of the ages : 1929 -- Critical dialogue -- Mental hygiene -- Articles : 1930s -- Haydon's three sons -- Man's search for the good life : an inquiry into the nature of religions (1937) -- Book reviews, 1930s -- Biography of the gods (1941) -- Early 1940s -- Chicago Ethical Societies' lecture series -- Radio addresses -- Edith Haydon's death -- Final years. | |
| 533 |
_aElectronic reproduction. _bPalo Alto, Calif. : _cebrary, _d2013. _nAvailable via World Wide Web. _nAccess may be limited to ebrary affiliated libraries. |
||
| 600 | 1 | 0 |
_aHaydon, A. Eustace _q(Albert Eustace), _d1880-1975. |
| 650 | 0 |
_aHumanists _zUnited States _vBiography. |
|
| 650 | 0 |
_aHumanism, Religious _xHistory _y20th century. |
|
| 650 | 0 |
_aReligion historians _zUnited States _vBiography. |
|
| 655 | 7 |
_aElectronic books. _2local |
|
| 710 | 2 | _aebrary, Inc. | |
| 830 | 0 |
_aAmerican liberal religious thought ; _vv. 9. |
|
| 856 | 4 | 0 |
_uhttp://site.ebrary.com/lib/rucke/Doc?id=10531622 _zAn electronic book accessible through the World Wide Web; click to view |
| 999 |
_c234358 _d234358 |
||